| 000 | 00493nam a22001937a 4500 | ||
|---|---|---|---|
| 003 | CEME | ||
| 005 | 20210628203011.0 | ||
| 008 | 210119b xxu||||| |||| 00| 0 eng d | ||
| 020 | _a0-471-40646-5 | ||
| 040 | _c. | ||
| 082 | _a620.1 MER | ||
| 100 |
_aMeriam, J.L, Kraige, L.G _918451 |
||
| 245 | _aEngineering mechanics-statics | ||
| 250 | _a5TH | ||
| 260 |
_aNEW YORK _bJOHN WILEY _c2002 |
||
| 300 | _aXVIII,494 P | ||
| 650 |
_aENGINEERING MECHANICS-STATICS. _962801 |
||
| 942 |
_cBK _2ddc |
||
| 999 |
_c571788 _d571788 |
||